Operas by arias' names - Statistics

General Stats
  • This quiz has been taken 36 times
  • The average score is 10 of 26
Answer Stats
Hint Answer % Correct
Tre sbirri, una carrozza Tosca
77%
Meco all'altar di Venere Norma
73%
Quest'assisa ch'io vesto Aida
70%
When I am laid in earth Dido and Aeneas
57%
Wie du warst! Wie du bist! Der Rosenkavalier
53%
Ebben, ne andrò lontana La Wally
53%
Tu che a Dio spiegasti l'ali Lucia di Lammermoor
53%
Sì pel ciel marmoreo giuro Otello
53%
Ah! fuyez douce image Manon
50%
Mon coeur s'ouvre à ta voix Samson et Dalila
50%
O, wie will ich triumphieren Die Entführung aus dem Serail
47%
Come dal ciel precipita Macbeth
43%
Ombra mai fu Serse
43%
Firenze è come un albero fiorito Gianni Schicchi
40%
Suicidio! La Gioconda
37%
Asile héréditaire Guillaume Tell
33%
In fernem Land Lohengrin
33%
Son vergine vezzosa I Puritani
30%
Quando le sere al placido Luisa Miller
30%
Sì, ritrovarla io giuro Cenerentola
27%
Acerba voluttà, dolce tortura Adriana Lecouvreur
17%
Ah, così nei di ridenti Anna Bolena
13%
Plus blanche que la blanche hermine Les Huguenots
10%
I dreamt I dwellt in marble halls The Bohemian Girl
10%
Mentre qual fiera ingorda Zelmira
7%
Bratsi, v metel Zhizn za Tsarya
3%
No matching quizzes found
Score Distribution
Percent of People with Each Score
Percentile by Number Answered
Your Score History
You have not taken this quiz